Made in Japan revitalising Japanese manufacturing for economic growth / Japan commission on industrial performance
Salvato in:
| Natura: | Libro |
|---|---|
| Lingua: | inglese |
| Pubblicazione: |
Cambridge
MIT Press
1997
|
| Soggetti: | |
| Tags: |
Nessun Tag, puoi essere il primo ad aggiungerne!!
|
MARC
| LEADER | 00000nam a2200000 4500 | ||
|---|---|---|---|
| 001 | c116036 | ||
| 005 | 20221124074749.9 | ||
| 020 | |a 0-262-10060-6 | ||
| 041 | 0 | |a eng | |
| 044 | |a US | ||
| 245 | 1 | 0 | |a Made in Japan |b revitalising Japanese manufacturing for economic growth / Japan commission on industrial performance |
| 264 | 1 | |a Cambridge |b MIT Press |c 1997 | |
| 300 | |a 418 s. | ||
| 610 | 2 | 0 | |a priemysel |
| 610 | 2 | 0 | |a výroba |
| 610 | 2 | 0 | |a politika hospodárska |
| 610 | 2 | 0 | |a politika priemyselná |
| 610 | 2 | 0 | |a Japonsko |
| 610 | 2 | 0 | |a 1989- |
| 610 | 2 | 0 | |a výrobky |
| 610 | 2 | 0 | |a oživenie |
| 610 | 2 | 0 | |a rast hospodársky |